LEADER 01366nam0-22003251i-450- 001 990000528280403321 005 20090309155535.0 010 $a0-7923-7821-0 035 $a000052828 035 $aFED01000052828 035 $a(Aleph)000052828FED01 035 $a000052828 100 $a20020821d2000----km-y0itay50------ba 101 0 $aeng 105 $aa-------101yy 200 1 $aIntegrity and internal control in information systems$estrategic views on the need for control$eIFIP TC11 WG11.5 third working conference on integrity and internal control in information systems, November 18-19, 1999, Amsterdam, The Netherlands$fedited by Margaret E. van Biene-Hershey, Leon Strous 210 $aDordrecht$cKluwer$d©2000 215 $aX, 188 p.$cill.$d24 cm 225 1 $aInternational Federation for Information Processing$v37 610 0 $aGestione delle risorse informative$aCongressi 676 $a658.403 8 702 1$aBiene-Hershey,$bMargaret E. van 710 12$aIFIP TC11 WG11.5 working conference on integrity and internal control in information systems$d<3. ;$f1999 ;$eAmsterdam, The Netherlands>$0492247 801 0$aIT$bUNINA$gRICA$2UNIMARC 901 $aBK 912 $a990000528280403321 952 $a10 PRO 477$bDIS 4660$fDINEL 959 $aDINEL 996 $aIntegrity and internal control in information systems$9328684 997 $aUNINA LEADER 01713nam 2200361Ia 450 001 996394493703316 005 20200824132041.0 035 $a(CKB)3810000000007553 035 $a(EEBO)2248573927 035 $a(OCoLC)ocm18958046e 035 $a(OCoLC)18958046 035 $a(EXLCZ)993810000000007553 100 $a19890103d1669 uy | 101 0 $aeng 135 $aurbn||||a|bb| 200 14$aThe English school-master$b[electronic resource] $eteaching all his scholars, of what age soever, the most easie, short, and perfect order of distinct reading, and true writing our English-tongue, that hath ever yet been known or published by any : and further also, teacheth a direct course, how any unskilful person may easily both understand any hard English words, which they shall in the Scriptures, sermons, or else-where hear or read ... /$fdevised for thy sake that wantest any part of this skill, by Edward Coote .. 205 $aPerused and approved by publique authority, and now the 32[nd] timeimprinted$bwith certain copies to write by, at the end of this book added. 210 $aLondon $cPrinted by E. Tyler, for the Company of Stationers$d1669 215 $a[8], 77, [1] p 300 $aReproduction of original in the Peterhouse Library, Cambridge University. 330 $aeebo-0014 606 $aReaders (Primary)$vEarly works to 1800 606 $aEnglish language$yEarly modern, 1500-1700 615 0$aReaders (Primary) 615 0$aEnglish language 700 $aCoote$b Edmund$ffl. 1597.$01012997 801 0$bEAH 801 1$bEAH 801 2$bWaOLN 906 $aBOOK 912 $a996394493703316 996 $aThe English school-master$92354066 997 $aUNISA LEADER 01153nam a22002891i 4500 001 991002180049707536 005 20040213090532.0 008 040407s1981 it a||||||||||||||||ita 035 $ab12882963-39ule_inst 035 $aARCHE-086258$9ExL 040 $aDip.to Filologia Class. e Scienze Filosofiche$bita$cA.t.i. Arché s.c.r.l. Pandora Sicilia s.r.l. 082 04$a355.0330 100 1 $aLuttwak, Edward N.$029202 245 13$aLa grande strategia dell'Impero romano :$bdal 1. al 3. secolo d. C. /$cEdward N. Luttwak ; traduzione di Pierangela Diadori 260 $aMilano :$bRizzoli,$c1981 300 $a349 p. :$bill. ;$c22 cm 440 0$aCollana storica Rizzoli 650 4$aEsercito romano$ySec. 1.-3. 650 4$aImpero romano$xStoria militare$ySec. 1.-3. 650 4$aStrategia$ySec. 1.-3. 700 1 $aDiadori, Pierangela 907 $a.b12882963$b02-04-14$c16-04-04 912 $a991002180049707536 945 $aLE007 s.c.2$g1$lle007$o-$pE0.00$q-$rl$s- $t0$u0$v0$w0$x0$y.i13445704$z16-04-04 996 $aGrande strategia dell'Impero romano$9300959 997 $aUNISALENTO 998 $ale007$b16-04-04$cm$da $e-$fita$git $h3$i1